LEADER 01546nam 2200421 450 001 000011071 005 20070503173000.0 100 $a20020703d1960----km-y0itay0103----ba 101 0 $alat 102 $aIT 200 1 $aCapellae Sixtinae codices$emusicis notis instructi sive manu scripti sive praelo excussi$frecensuit Josephus M. Llorens 200 1 $a1 $n0000123 210 $aCittą del Vaticano$cBiblioteca Apostolica Vaticana$d1960 215 $aXXII, 555 p.$c10 c. di tav.$d25 cm. 225 1 $aStudi e testi$v202 410 $12001$aStudi e testi 606 $aCataloghi musicali$yCappella Sistina 676 $a016.78$v(20. ed.)$9Cataloghi musicali 702 $aLlorens,$bJose M. 801 0$aIT$bUniversitą della Basilicata - B.I.A.$gRICA$2unimarc 912 $a000011071 996 $aCapellae Sixtinae codices$979171 997 $aUNIBAS BAS $aMONLET BAS $aMONOGR BAS $aLETTERE CAT $aPETRUCCELL$b05$c20020703$lBAS01$h1051 CAT $aPETRUCCELL$b05$c20020704$lBAS01$h1041 CAT $aPETRUCCELL$b05$c20020704$lBAS01$h1118 CAT $aPETRUCCELL$b05$c20020704$lBAS01$h1118 CAT $c20050601$lBAS01$h1754 CAT $abatch$b01$c20050718$lBAS01$h1050 CAT $c20050718$lBAS01$h1110 CAT $c20050718$lBAS01$h1140 CAT $c20050718$lBAS01$h1154 CAT $aBATCH$b00$c20070503$lBAS01$h1730 FMT Z30 -1$lBAS01$LBAS01$mBOOK$1BASA1$APolo Storico-Umanistico$2GEN$BCollezione generale$3FM/11993$611993$5L11993$819880704$f02$FPrestabile Generale